[Event "French Top 12 2013"]
[Site "Haguenau FRA"]
[Date "2013.06.07"]
[Round "9.1"]
[White "Fressinet, Laurent"]
[Black "Inkiov, Ventzislav"]
[Result "1-0"]
[WhiteTitle "GM"]
[BlackTitle "GM"]
[WhiteElo "2693"]
[BlackElo "2465"]
[WhiteTeam "Clichy-Echecs-92"]
[BlackTeam "Migne Echecs"]
[WhiteFideId "608742"]
[BlackFideId "2900033"]
[EventDate "2013.05.30"]

1. d4 Nf6 2. Nf3 e6 3. c4 d5 4. Nc3 Bb4 5. Qb3 Nc6 6. Bg5 h6 7. Bxf6 Qxf6 8. e3
a6 9. Be2 dxc4 10. Qxc4 O-O 11. O-O Bd6 12. Rfd1 Bd7 13. Ne4 Qg6 14. Nc5 Bc8 15.
Nd3 f5 16. Nfe5 Qf6 17. Nxc6 bxc6 18. Bf3 g5 19. Bxc6 Rb8 20. b4 h5 21. a3 h4
22. f4 Qg7 23. Ne5 Rf6 24. Qe2 Rh6 25. Rf1 Rb6 26. fxg5 Qxg5 27. Bf3 Rb5 28.
Rac1 Rxe5 29. dxe5 Bxe5 30. Rfd1 Rg6 31. Rc5 Qf6 32. Rxe5 Qxe5 33. Rd8+ Kh7 34.
Rxc8 Qa1+ 35. Qf1 Qc3 36. Rd8 Qxe3+ 37. Qf2 Qf4 38. Rd4 Qc1+ 39. Rd1 Qf4 40. Bh5 1-0

[Event "French Top 12 2013"]
[Site "Haguenau FRA"]
[Date "2013.06.07"]
[Round "9.3"]
[White "Tregubov, Pavel V."]
[Black "Picard, Romain"]
[Result "1-0"]
[WhiteTitle "GM"]
[BlackTitle "IM"]
[WhiteElo "2611"]
[BlackElo "2342"]
[WhiteTeam "Clichy-Echecs-92"]
[BlackTeam "Migne Echecs"]
[WhiteFideId "4115341"]
[BlackFideId "627216"]
[EventDate "2013.05.30"]

1. d4 Nf6 2. c4 g6 3. Nc3 d5 4. Nf3 Bg7 5. e3 O-O 6. cxd5 Nxd5 7. Bc4 Nb6 8. Bb3
c5 9. O-O cxd4 10. exd4 Bg4 11. d5 N8d7 12. h3 Bxf3 13. Qxf3 Rc8 14. Bg5 Ne5 15.
Qg3 h6 16. Bxh6 Bxh6 17. Qxe5 Bg7 18. Qe4 Bxc3 19. bxc3 Rxc3 20. d6 Qxd6 21.
Rad1 Qf6 22. Qxb7 a5 23. Rde1 a4 24. Bd1 Ra3 25. Qxe7 Qxe7 26. Rxe7 Rxa2 27. Bf3
Rb2 28. Ra7 Rd8 29. Rc1 Rd7 30. Ra6 Rd6 31. Rc6 Rxc6 32. Bxc6 Rb4 33. g3 Kg7 34.
h4 Nc8 35. Bxa4 Rb1+ 36. Kg2 Ra1 37. Kf3 Nb6 38. Bb5 Rxa6 39. Bxa6 Nd7 40. Kf4
f6 41. Bb5 Ne5 42. Ke4 Nf7 43. Kd5 Ne5 44. Be2 Nf7 45. g4 Nh6 46. Ke6 Nf7 47. f4
Nd8+ 48. Kd7 Nb7 49. g5 fxg5 50. hxg5 Nc5+ 51. Kd6 Ne4+ 52. Ke5 Nc5 53. Kd6 Ne4+
54. Ke6 Nc5+ 55. Ke7 Nb3 56. Kd6 Nd4 57. Bd3 Nb3 58. Kd5 Na5 59. Ba6 Nb3 60. Bb7
Nd2 61. Ba6 Nb3 62. Bc4 Na5 63. Ba2 Nb7 64. Kc6 1-0

[Event "French Top 12 2013"]
[Site "Haguenau FRA"]
[Date "2013.06.07"]
[Round "9.6"]
[White "Fougerit, Valentin"]
[Black "Delorme, Axel"]
[Result "1/2-1/2"]
[BlackTitle "IM"]
[WhiteElo "2209"]
[BlackElo "2471"]
[WhiteTeam "Migne Echecs"]
[BlackTeam "Clichy-Echecs-92"]
[WhiteFideId "634670"]
[BlackFideId "632023"]
[EventDate "2013.05.30"]

1. e4 e5 2. Nf3 Nc6 3. Bc4 Bc5 4. c3 Nf6 5. d3 O-O 6. b4 Be7 7. O-O d5 8. exd5
Nxd5 9. b5 Na5 10. Bxd5 Qxd5 11. c4 Qe6 12. Bd2 b6 13. Re1 f6 14. Bxa5 bxa5 15.
Nd4 Qb6 16. Nc6 Bc5 17. Qf3 Bg4 18. Qg3 Bd7 19. Nc3 Bxc6 20. Na4 Bxf2+ 21. Qxf2
Qxf2+ 22. Kxf2 Bd7 23. Nc5 Bf5 24. Red1 c6 25. a4 Rab8 26. Ke3 Rfc8 27. Rab1 Rb6
28. Nb3 cxb5 29. cxb5 a6 30. Nxa5 axb5 31. Nc4 Re6 32. Rxb5 Bg4 33. Rc1 Ra6 34.
a5 Bd7 35. Rd5 Be6 36. Rb5 Bd7 37. Rd5 Be6 38. Rb5 Kf7 39. Kd2 e4 40. Ke3 exd3
41. Kxd3 Rac6 42. Rb4 Rd8+ 43. Ke3 Rdc8 44. Kd4 Rd8+ 45. Ke3 Bd5 46. g3 Ra8 47.
Ra4 Bxc4 48. Rcxc4 Rxa5 49. Rxa5 Rxc4 50. Ra7+ Kg6 51. Kf3 Rc3+ 52. Kf4 Rc2 53.
h3 Rf2+ 54. Ke3 Rf1 55. Ke2 Rf5 56. Ra4 h5 57. Rb4 Kh6 58. Ra4 g5 59. Rb4 Kg6
60. Ra4 Rb5 61. Kf3 Kf5 62. Rc4 Rb2 63. Rc6 Kg6 64. g4 h4 65. Rc3 Rh2 66. Ke4
Re2+ 67. Kf3 Rh2 68. Ke4 Rg2 69. Ra3 Rf2 70. Rb3 Rf1 71. Ra3 Kf7 72. Ra7+ Ke6
73. Ra6+ Kd7 74. Ra3 Ke6 75. Ra6+ Kf7 76. Ra7+ Kg6 77. Ra3 f5+ 78. gxf5+ Rxf5
79. Ra8 Rf1 80. Rg8+ Kh6 81. Rh8+ Kg7 82. Ra8 Rf4+ 83. Ke3 Rb4 84. Kf3 Rb3+ 85.
Kg4 Rg3+ 86. Kf5 Kh6 87. Rh8+ 1/2-1/2

[Event "French Top 12 2013"]
[Site "Haguenau FRA"]
[Date "2013.06.07"]
[Round "9.7"]
[White "Mullon, Jean-Baptiste"]
[Black "Picard, Clement"]
[Result "1/2-1/2"]
[WhiteTitle "IM"]
[WhiteElo "2401"]
[BlackElo "2170"]
[WhiteTeam "Clichy-Echecs-92"]
[BlackTeam "Migne Echecs"]
[WhiteFideId "613606"]
[BlackFideId "615455"]
[EventDate "2013.05.30"]

1. e4 e6 2. d4 d5 3. Nd2 h6 4. Bd3 c5 5. c3 Nc6 6. Ngf3 cxd4 7. cxd4 dxe4 8.
Nxe4 Nf6 9. Nxf6+ Qxf6 10. O-O Bd6 11. Bb1 Bd7 12. Re1 O-O-O 13. Be3 Kb8 14. Nd2
Bc7 15. Ne4 Qe7 16. Nc3 Nb4 17. a3 Nd5 18. Nxd5 exd5 19. Bf4 Qf6 20. Bxc7+ Kxc7
21. Ba2 Be6 22. Qd2 Kb8 23. Rac1 Rc8 24. b4 Rxc1 25. Rxc1 Rc8 26. Rc5 Rxc5 27.
bxc5 h5 28. f3 g6 29. Bb3 Kc7 30. f4 Kb8 31. h3 Qf5 32. Bc2 Qf6 33. Qe3 Kc7 34.
Kh2 Bf5 35. Bxf5 Qxf5 36. Qe7+ Kc6 37. Qd6+ Kb5 38. c6 bxc6 39. Qc5+ Ka6 40.
Qxd5 cxd5 1/2-1/2

[Event "French Top 12 2013"]
[Site "Haguenau FRA"]
[Date "2013.06.07"]
[Round "9.8"]
[White "Le Bail, Clara"]
[Black "Skripchenko, Almira"]
[Result "0-1"]
[BlackTitle "IM"]
[WhiteElo "1969"]
[BlackElo "2430"]
[WhiteTeam "Migne Echecs"]
[BlackTeam "Clichy-Echecs-92"]
[WhiteFideId "648167"]
[BlackFideId "13900145"]
[EventDate "2013.05.30"]

1. e4 g6 2. d4 Bg7 3. Nf3 d6 4. Bc4 c6 5. O-O Nf6 6. Re1 O-O 7. c3 a5 8. a4 d5
9. exd5 Nxd5 10. Nbd2 Nd7 11. Bf1 b6 12. Nc4 Bb7 13. Bd2 c5 14. Qc1 cxd4 15.
Nxd4 Nc5 16. Ra3 Rc8 17. Bh6 Ba6 18. Bxg7 Kxg7 19. Qg5 f6 20. Qg3 Kh8 21. b4
axb4 22. cxb4 Nxb4 23. Qc3 Nd5 24. Qb2 e5 25. Nb5 Bxb5 26. Qxb5 Ne6 27. Qb2 Rc5
28. Rb1 Rc6 29. Ra2 Qc8 30. Qe2 Nc3 31. Raa1 0-1

[Event "French Top 12 2013"]
[Site "Haguenau FRA"]
[Date "2013.06.07"]
[Round "9.1"]
[White "Apicella, Manuel"]
[Black "Nyzhnyk, Illya"]
[Result "1/2-1/2"]
[WhiteTitle "GM"]
[BlackTitle "GM"]
[WhiteElo "2532"]
[BlackElo "2635"]
[WhiteTeam "Grasse Echecs"]
[BlackTeam "Evry Grand Roque"]
[WhiteFideId "600164"]
[BlackFideId "14118084"]
[EventDate "2013.05.30"]

1. d4 d5 2. Nf3 Nf6 3. Bf4 g6 4. e3 Bg7 5. h3 O-O 6. Be2 c5 7. c3 Nc6 8. O-O Qb6
9. Qb3 c4 10. Qxb6 axb6 11. Nbd2 b5 12. a3 Re8 13. Bh2 Ra6 14. Rfe1 h5 1/2-1/2

[Event "French Top 12 2013"]
[Site "Haguenau FRA"]
[Date "2013.06.07"]
[Round "9.2"]
[White "Fedorchuk, Sergey A."]
[Black "Szabo, Krisztian1"]
[Result "1/2-1/2"]
[WhiteTitle "GM"]
[BlackTitle "GM"]
[WhiteElo "2660"]
[BlackElo "2545"]
[WhiteTeam "Evry Grand Roque"]
[BlackTeam "Grasse Echecs"]
[WhiteFideId "14102536"]
[BlackFideId "722901"]
[EventDate "2013.05.30"]

1. e4 e5 2. Nf3 Nc6 3. Bb5 a6 4. Ba4 Nf6 5. O-O Nxe4 6. d4 b5 7. Bb3 d5 8. dxe5
Be6 9. Be3 Be7 10. Nbd2 Nc5 11. Qe2 d4 12. Bf4 d3 13. Qd1 dxc2 14. Bxc2 Nb4 15.
Be3 Ncd3 16. Nd4 Nxc2 17. Qxc2 Nb4 18. Qe4 1/2-1/2

[Event "French Top 12 2013"]
[Site "Haguenau FRA"]
[Date "2013.06.07"]
[Round "9.3"]
[White "Llanes Hurtado, Miguel"]
[Black "Sebag, Marie"]
[Result "1/2-1/2"]
[WhiteTitle "GM"]
[BlackTitle "GM"]
[WhiteElo "2469"]
[BlackElo "2527"]
[WhiteTeam "Grasse Echecs"]
[BlackTeam "Evry Grand Roque"]
[WhiteFideId "2206706"]
[BlackFideId "617822"]
[EventDate "2013.05.30"]

1. d4 d5 2. c4 c6 3. cxd5 cxd5 4. Bf4 Nf6 5. e3 Nc6 6. Nc3 a6 7. Bd3 Bg4 8. Nge2
Bh5 9. Rc1 e6 10. O-O Be7 11. Na4 Nd7 12. Qb3 Ra7 13. Bg3 Bg6 14. Nf4 Na5 15.
Qc3 b5 16. Nxg6 hxg6 17. Bc7 Rxc7 18. Qxc7 bxa4 19. Bxa6 O-O 20. Bb5 1/2-1/2

[Event "French Top 12 2013"]
[Site "Haguenau FRA"]
[Date "2013.06.07"]
[Round "9.5"]
[White "Nanu, Costica-Ciprian"]
[Black "Relange, Eloi"]
[Result "1-0"]
[WhiteTitle "GM"]
[BlackTitle "GM"]
[WhiteElo "2519"]
[BlackElo "2470"]
[WhiteTeam "Grasse Echecs"]
[BlackTeam "Evry Grand Roque"]
[WhiteFideId "1204580"]
[BlackFideId "600822"]
[EventDate "2013.05.30"]

1. d4 Nf6 2. Nf3 g6 3. c4 Bg7 4. g3 O-O 5. Bg2 d6 6. O-O Nbd7 7. Nc3 e5 8. e4 c6
9. b3 a6 10. Bb2 b5 11. cxb5 axb5 12. dxe5 dxe5 13. Qd6 Bb7 14. a4 bxa4 15. Nxa4
Re8 16. Rfd1 Bf8 17. Qd3 Qa5 18. Qc2 Qc7 19. Nd2 Nb6 20. Nxb6 Rxa1 21. Bxa1 Qxb6
22. Nc4 Qc7 23. Qc3 Nd7 24. Qa5 Qxa5 25. Nxa5 Bc8 26. Nxc6 Nc5 27. b4 Nb3 28.
Bc3 Bb7 29. Nxe5 Rc8 30. Be1 Re8 31. Ng4 Rc8 32. e5 Bxg2 33. Kxg2 Rb8 34. Rd7 h5
35. Nf6+ Kg7 36. Nd5 Nd4 37. Nf4 Bxb4 38. Bxb4 Rxb4 39. e6 Nf5 40. Rxf7+ Kh6 41.
Rf6 Ne7 42. h4 Ra4 43. Rf7 Nf5 44. Nd5 Ng7 45. e7 1-0

[Event "French Top 12 2013"]
[Site "Haguenau FRA"]
[Date "2013.06.07"]
[Round "9.6"]
[White "Leroy, Didier"]
[Black "Battaglini, Gabriel"]
[Result "1-0"]
[WhiteTitle "IM"]
[BlackTitle "IM"]
[WhiteElo "2305"]
[BlackElo "2437"]
[WhiteTeam "Evry Grand Roque"]
[BlackTeam "Grasse Echecs"]
[WhiteFideId "610950"]
[BlackFideId "621650"]
[EventDate "2013.05.30"]

1. c4 d6 2. d4 e5 3. Nc3 exd4 4. Qxd4 Nc6 5. Qd2 g6 6. g3 Bh6 7. f4 Nf6 8. Bg2
Bg7 9. Nh3 O-O 10. Nf2 Re8 11. O-O Ng4 12. Nxg4 Bxg4 13. Re1 Nd4 14. Kf2 Bf5 15.
e4 Be6 16. b3 b5 17. cxb5 Nxb5 18. Bb2 Bd4+ 19. Kf1 Qd7 20. Ne2 Bxb2 21. Qxb2 a5
22. a4 Na7 23. f5 gxf5 24. Nf4 f6 25. exf5 Bxf5 26. Bd5+ Kg7 27. Nh5+ Kg6 28.
Qxf6+ Kxh5 29. Bf7+ Bg6 30. Qh4# 1-0

[Event "French Top 12 2013"]
[Site "Haguenau FRA"]
[Date "2013.06.07"]
[Round "9.8"]
[White "Bergez, Luc"]
[Black "Forestier, Carole"]
[Result "1-0"]
[WhiteTitle "IM"]
[WhiteElo "2399"]
[BlackElo "2104"]
[WhiteTeam "Evry Grand Roque"]
[BlackTeam "Grasse Echecs"]
[WhiteFideId "606600"]
[BlackFideId "641405"]
[EventDate "2013.05.30"]

1. e4 e6 2. d4 d5 3. exd5 exd5 4. Nf3 Bg4 5. Qe2+ Qe7 6. Be3 Nf6 7. Nc3 Nc6 8.
O-O-O O-O-O 9. h3 Bh5 10. g4 Bg6 11. Nh4 Ne4 12. Nxg6 hxg6 13. Nxe4 Qxe4 14. Rg1
Bb4 15. Bg2 Qe7 16. Qb5 Na5 17. a3 Bc3 18. bxc3 Nc4 19. Qc5 Qd7 20. Bf1 b6 21.
Qb4 a5 22. Qb3 b5 23. a4 bxa4 24. Qa2 Qc6 25. Bxc4 dxc4 26. Kd2 Rxh3 27. Ra1 Qf3
28. Qxa4 f5 29. gxf5 gxf5 30. Qxa5 Rg8 31. Qa8+ Kd7 32. Qxg8 1-0

[Event "French Top 12 2013"]
[Site "Haguenau FRA"]
[Date "2013.06.07"]
[Round "9.1"]
[White "Bacrot, Etienne"]
[Black "Gajewski, Grzegorz"]
[Result "1/2-1/2"]
[WhiteTitle "GM"]
[BlackTitle "GM"]
[WhiteElo "2725"]
[BlackElo "2653"]
[WhiteTeam "Marseille Echecs"]
[BlackTeam "Mulhouse Philidor"]
[WhiteFideId "605506"]
[BlackFideId "1116207"]
[EventDate "2013.05.30"]

1. d4 Nf6 2. c4 e6 3. Nf3 b6 4. g3 Bb7 5. Bg2 Be7 6. O-O O-O 7. Re1 Na6 8. Ne5
Bxg2 9. Kxg2 c5 10. d5 Qc7 11. Nf3 Ne4 12. Nc3 f5 13. dxe6 dxe6 14. Qa4 Qb7 15.
Rd1 Nxc3 16. bxc3 Rad8 17. Be3 1/2-1/2

[Event "French Top 12 2013"]
[Site "Haguenau FRA"]
[Date "2013.06.07"]
[Round "9.2"]
[White "Wojtaszek, Radoslaw"]
[Black "Delchev, Aleksander"]
[Result "1/2-1/2"]
[WhiteTitle "GM"]
[BlackTitle "GM"]
[WhiteElo "2701"]
[BlackElo "2622"]
[WhiteTeam "Mulhouse Philidor"]
[BlackTeam "Marseille Echecs"]
[WhiteFideId "1118358"]
[BlackFideId "2900394"]
[EventDate "2013.05.30"]

1. d4 d5 2. c4 e6 3. Nc3 c5 4. cxd5 exd5 5. Nf3 Nc6 6. g3 Nf6 7. Bg2 Be7 8. O-O
O-O 9. dxc5 Bxc5 10. Na4 Be7 11. Be3 Re8 12. Rc1 Bg4 13. h3 Bxf3 14. Bxf3 Qd7
15. Bg2 Rad8 16. Nc5 Bxc5 17. Bxc5 Ne4 18. Bd4 Qf5 19. e3 Rc8 20. Bc3 h5 21. Qf3
Qxf3 22. Bxf3 Nxc3 23. bxc3 Re5 24. c4 d4 25. Bxc6 bxc6 26. exd4 Re2 27. a3 Rb8
28. Rfe1 Ra2 29. Rc3 Rd2 30. Re7 Rxd4 31. Rxa7 h4 32. gxh4 Rf4 33. Kg2 Rb2 34.
Rf3 Rxf3 35. Kxf3 Rc2 36. Ra4 c5 37. Ke3 Kh7 38. f4 f5 39. Kd3 Rh2 40. Ra5 Rxh3+
41. Ke2 Rxh4 42. Kf3 g6 43. Rxc5 Rh3+ 1/2-1/2

[Event "French Top 12 2013"]
[Site "Haguenau FRA"]
[Date "2013.06.07"]
[Round "9.3"]
[White "Istratescu, Andrei"]
[Black "Navara, David"]
[Result "1/2-1/2"]
[WhiteTitle "GM"]
[BlackTitle "GM"]
[WhiteElo "2651"]
[BlackElo "2697"]
[WhiteTeam "Marseille Echecs"]
[BlackTeam "Mulhouse Philidor"]
[WhiteFideId "1200372"]
[BlackFideId "309095"]
[EventDate "2013.05.30"]

1. d4 Nf6 2. c4 e6 3. Nf3 Bb4+ 4. Nbd2 O-O 5. a3 Be7 6. e4 d5 7. e5 Nfd7 8. b4
a5 9. b5 c5 10. cxd5 exd5 11. Bd3 cxd4 12. Nb3 Qc7 13. O-O Nxe5 14. Nxe5 Qxe5
15. Re1 Qd6 16. Bd2 b6 17. Rc1 Bf6 18. Qc2 Nd7 19. Bxh7+ Kh8 20. Bd3 Ne5 21.
Nxd4 Qxa3 22. Bf1 Qd6 23. Nf5 Qd7 24. Ng3 Nc4 25. Nh5 Nxd2 26. Qxd2 Qf5 27. Nxf6
Qxf6 28. Rc6 Be6 29. Rxb6 a4 30. Ra6 a3 31. Qa5 Rxa6 32. bxa6 Qb2 33. Re2 Qa1
34. Re1 Qb2 35. Re2 Qa1 36. a7 Ra8 37. Qb6 Qc1 38. Ra2 d4 39. Qb8+ Rxb8 40.
axb8=Q+ Kh7 41. Rxa3 Qxa3 42. Qd8 Qc3 43. Qh4+ Kg8 44. Qd8+ 1/2-1/2

[Event "French Top 12 2013"]
[Site "Haguenau FRA"]
[Date "2013.06.07"]
[Round "9.5"]
[White "Maze, Sebastien"]
[Black "Degraeve, Jean-Marc"]
[Result "1/2-1/2"]
[WhiteTitle "GM"]
[BlackTitle "GM"]
[WhiteElo "2543"]
[BlackElo "2567"]
[WhiteTeam "Marseille Echecs"]
[BlackTeam "Mulhouse Philidor"]
[WhiteFideId "613762"]
[BlackFideId "600270"]
[EventDate "2013.05.30"]

1. d4 d5 2. Nf3 c5 3. c4 cxd4 4. cxd5 Qxd5 5. Nc3 Qa5 6. Nxd4 Nf6 7. g3 e5 8.
Nb3 Qc7 9. Bg2 Bb4 10. Bd2 O-O 11. O-O Nc6 12. a3 Bxc3 13. Bxc3 Bf5 14. Rc1 Be4
15. Bxe4 Nxe4 16. Qd3 Nxc3 17. Qxc3 Rfd8 18. Rfd1 1/2-1/2

[Event "French Top 12 2013"]
[Site "Haguenau FRA"]
[Date "2013.06.07"]
[Round "9.7"]
[White "Collas, Didier"]
[Black "Ider, Borya"]
[Result "1/2-1/2"]
[WhiteTitle "IM"]
[BlackTitle "FM"]
[WhiteElo "2394"]
[BlackElo "2389"]
[WhiteTeam "Marseille Echecs"]
[BlackTeam "Mulhouse Philidor"]
[WhiteFideId "602680"]
[BlackFideId "4901134"]
[EventDate "2013.05.30"]

1. Nf3 e6 2. c4 Nf6 3. Nc3 d5 4. d4 Nbd7 5. Bf4 dxc4 6. e4 Bb4 7. Qc2 b5 8. Nd2
a6 9. a4 Bb7 10. axb5 axb5 11. Rxa8 Qxa8 12. f3 Qa1+ 13. Kf2 e5 14. dxe5 Bc5+
15. Ke2 Nh5 16. g3 Nxf4+ 17. gxf4 Ba6 18. Nd5 Qa5 19. Bh3 Nb8 20. Rb1 Nc6 21.
Kf1 Nd4 22. Qd1 c6 23. Ra1 Qd8 24. b4 cxb3 25. Nxb3 Nxb3 26. Rxa6 O-O 27. Rxc6
Qh4 28. Kg2 Ra8 29. Rc8+ Rxc8 30. Bxc8 Qf2+ 31. Kh1 Nd2 32. Bh3 Nxf3 33. Bg2 Nh4
34. Bh3 h5 35. e6 Nf3 36. exf7+ Kf8 37. Bg2 Ne1 38. Ne3 Qxe3 39. Qd8+ Kxf7 40.
Qd5+ Ke8 41. Qa8+ Ke7 42. Qb7+ Kf8 43. Qa8+ Ke7 44. Qb7+ Kd8 45. Qb8+ Ke7 1/2-1/2

[Event "French Top 12 2013"]
[Site "Haguenau FRA"]
[Date "2013.06.07"]
[Round "9.8"]
[White "Choisy, Mathilde"]
[Black "Bacrot, Nathalie"]
[Result "1/2-1/2"]
[WhiteTitle "WFM"]
[WhiteElo "2166"]
[BlackElo "2090"]
[WhiteTeam "Mulhouse Philidor"]
[BlackTeam "Marseille Echecs"]
[WhiteFideId "634565"]
[BlackFideId "621870"]
[EventDate "2013.05.30"]

1. e4 g6 2. d4 Bg7 3. Nc3 d6 4. Be3 a6 5. a4 b6 6. Nf3 Bb7 7. Bd3 Nd7 8. O-O
Ngf6 9. h3 c5 10. Qe2 cxd4 11. Bxd4 e5 12. Be3 O-O 13. Nd2 Nc5 14. Rfd1 Nxd3 15.
Qxd3 d5 16. exd5 Nxd5 17. Nxd5 Bxd5 18. c4 Bc6 19. Qxd8 Rfxd8 20. Bxb6 Rd3 21.
a5 e4 22. Nf1 Rxd1 23. Rxd1 Bxb2 24. Ne3 Be5 25. Nd5 Ba4 26. Rd2 Kg7 27. g3 Rc8
28. c5 f5 29. Ne7 Re8 30. Nd5 Rc8 31. Ne7 Re8 32. Nd5 Rc8 1/2-1/2

[Event "French Top 12 2013"]
[Site "Haguenau FRA"]
[Date "2013.06.07"]
[Round "9.1"]
[White "Rozentalis, Eduardas"]
[Black "Schlosser, Philipp"]
[Result "1/2-1/2"]
[WhiteTitle "GM"]
[BlackTitle "GM"]
[WhiteElo "2611"]
[BlackElo "2602"]
[WhiteTeam "C.E. Strasbourg"]
[BlackTeam "Bischwiller"]
[WhiteFideId "12800023"]
[BlackFideId "4600169"]
[EventDate "2013.05.30"]

1. e4 c5 2. Nf3 e6 3. c3 d5 4. exd5 Qxd5 5. d4 Nf6 6. a3 Nc6 7. Be3 cxd4 8. cxd4
g6 9. Nc3 Qd6 10. Bb5 Bg7 11. Qd2 O-O 12. Bf4 Qe7 13. O-O Rd8 14. Rfe1 Qf8 15.
Bc7 Rd7 16. Bg3 Nh5 17. Bxc6 bxc6 18. Ne5 Bxe5 19. Rxe5 c5 20. Rxh5 gxh5 21. Ne4
Qg7 22. Be5 Qxe5 23. dxe5 Rxd2 24. Nxd2 Bb7 25. Rc1 Rd8 26. Nb3 c4 27. Na5 Ba6
28. f3 Rd2 29. Nxc4 Bxc4 30. Rxc4 Rxb2 31. Ra4 Rb5 32. f4 a5 33. g3 Kg7 34. Kg2
h6 35. Kh3 Kg6 36. Kh4 Rb2 37. h3 Rb5 38. g4 hxg4 39. hxg4 Rd5 40. Rc4 Kg7 41.
a4 Kg6 42. Rc6 Kg7 43. Rc4 Kg6 44. Rc6 1/2-1/2

[Event "French Top 12 2013"]
[Site "Haguenau FRA"]
[Date "2013.06.07"]
[Round "9.2"]
[White "Volokitin, Andrei"]
[Black "Sanikidze, Tornike"]
[Result "1-0"]
[WhiteTitle "GM"]
[BlackTitle "GM"]
[WhiteElo "2687"]
[BlackElo "2549"]
[WhiteTeam "Bischwiller"]
[BlackTeam "C.E. Strasbourg"]
[WhiteFideId "14107090"]
[BlackFideId "13602608"]
[EventDate "2013.05.30"]

1. e4 e5 2. Nf3 Nc6 3. d4 exd4 4. Nxd4 Bc5 5. Nb3 Bb4+ 6. c3 Be7 7. f4 d6 8.
N1d2 Nf6 9. Bd3 O-O 10. O-O Re8 11. Qc2 Bf8 12. Nf3 h6 13. Bd2 Bg4 14. Rae1 Bxf3
15. Rxf3 Nd7 16. Nd4 Nxd4 17. cxd4 c5 18. dxc5 Rc8 19. Bc4 d5 20. Bxd5 Bxc5+ 21.
Kf1 Nf6 22. Rc3 Qb6 23. Be3 Nxd5 24. exd5 Qa6+ 25. Qd3 Qxd3+ 26. Rxd3 Bxe3 27.
Rexe3 Kf8 28. Rc3 Rcd8 29. Red3 Rd6 30. Kf2 Red8 31. Rc7 R8d7 32. Rxd7 Rxd7 33.
d6 f5 34. Rd5 Kf7 35. Rxf5+ Ke6 36. Re5+ Kxd6 37. Re2 Rc7 38. f5 h5 39. Kf3 Rc4
40. Re6+ Kd5 41. Re7 Rb4 42. b3 a5 43. Rxg7 Ke5 44. Rg5 Rf4+ 45. Kg3 h4+ 46. Kh3
Kf6 47. Rg6+ 1-0

[Event "French Top 12 2013"]
[Site "Haguenau FRA"]
[Date "2013.06.07"]
[Round "9.4"]
[White "Kosten, Anthony C."]
[Black "Roos, Louis"]
[Result "1-0"]
[WhiteTitle "GM"]
[BlackTitle "IM"]
[WhiteElo "2479"]
[BlackElo "2373"]
[WhiteTeam "Bischwiller"]
[BlackTeam "C.E. Strasbourg"]
[WhiteFideId "400114"]
[BlackFideId "600288"]
[EventDate "2013.05.30"]

1. c4 Nf6 2. g3 c6 3. Nf3 d5 4. Bg2 e6 5. O-O b5 6. b3 Nbd7 7. Na3 Qa5 8. Nc2
bxc4 9. bxc4 Ba6 10. cxd5 cxd5 11. d3 Bd6 12. Bd2 Qa4 13. Nb4 Bb5 14. Nd4 Qxd1
15. Raxd1 Ba4 16. Rb1 O-O 17. Na6 Rfc8 18. Bb4 Bxb4 19. Rxb4 Nb6 20. f4 g6 21.
Bh3 Rc3 22. g4 Re8 23. Rb2 Kf8 24. Nf3 Ke7 25. f5 g5 26. fxe6 fxe6 27. Ne5 Rec8
28. Bg2 Rc2 29. Rfb1 Be8 30. d4 Rxb2 31. Rxb2 Rc1+ 32. Kf2 Rd1 33. e3 Nc4 34.
Nxc4 dxc4 35. Bf3 Ra1 36. Nc5 Nd5 37. Rb7+ Kf6 38. Rxa7 Nb4 39. Ne4+ Kg6 40. Nd6
Bc6 41. Nxc4 Nd3+ 42. Ke2 Nc1+ 43. Kd2 Bxf3 44. Ne5+ Kh6 45. Nxf3 Rxa2+ 46. Rxa2
Nxa2 47. e4 Kg6 48. Ne5+ Kf6 49. Nd3 1-0

[Event "French Top 12 2013"]
[Site "Haguenau FRA"]
[Date "2013.06.07"]
[Round "9.6"]
[White "Netzer, Jean"]
[Black "Vitoux, Colomban"]
[Result "0-1"]
[WhiteTitle "IM"]
[BlackTitle "IM"]
[WhiteElo "2406"]
[BlackElo "2388"]
[WhiteTeam "Bischwiller"]
[BlackTeam "C.E. Strasbourg"]
[WhiteFideId "623350"]
[BlackFideId "628549"]
[EventDate "2013.05.30"]

1. e4 c5 2. Nf3 Nf6 3. e5 Nd5 4. Nc3 e6 5. Ne4 f5 6. Nc3 Nxc3 7. dxc3 Nc6 8. Bd3
Qc7 9. Qe2 b6 10. h4 Bb7 11. Bf4 Be7 12. O-O-O O-O-O 13. Rh3 Kb8 14. Rg3 Rhg8
15. Bc4 Na5 16. Ba6 Bxa6 17. Qxa6 h6 18. h5 Qc6 19. Kb1 Qe4 20. Bc1 Qc4 21. Qxc4
Nxc4 22. b3 Na5 23. c4 Nc6 24. Bf4 Kc8 25. c3 Rdf8 26. Rh1 Nd8 27. Rg6 Nf7 28.
Rh3 Bg5 29. Nxg5 hxg5 30. Bc1 g4 31. Re3 Nh8 32. Rg5 Nf7 33. Rg6 Nh8 34. Rg5 Kd8
35. f3 Nf7 36. Rg6 Nh8 37. Rg5 Nf7 38. Rg6 gxf3 39. gxf3 Rh8 40. Rxg7 Rxh5 41.
f4 Ke8 42. Reg3 Rfh8 43. b4 Rh1 44. Kc2 R8h2+ 45. Rg2 d6 46. Rg8+ Ke7 47. Rxh2
Rxh2+ 48. Kb3 Rh1 49. Ba3 Rh8 50. exd6+ Kxd6 51. Rg7 Rf8 52. Ka4 a6 53. bxc5+
bxc5 54. Ka5 Kc6 55. Rg6 Re8 56. Ka4 Nd6 57. Kb3 a5 58. Bc1 a4+ 59. Kxa4 Nxc4
60. Kb3 Kd5 61. Rg1 Rb8+ 62. Kc2 Nd6 63. Rd1+ Kc6 64. Be3 Nc4 65. Bc1 Nd6 66.
Be3 Ra8 67. Kb3 Nb5 68. Bc1 Nd6 69. Be3 Ne4 70. Rh1 Rg8 71. Rh3 Rb8+ 72. Kc2 Ra8
73. Kb3 Rb8+ 74. Kc2 Kd5 75. Rh1 Kc4 76. Rh6 Ra8 77. Kb2 Rb8+ 78. Kc2 Ra8 79.
Kb2 Nxc3 80. Rxe6 Rxa2+ 81. Kc1 Ne2+ 82. Kb1 Nc3+ 83. Kc1 Re2 84. Re5 Na2+ 85.
Kd1 Nc3+ 86. Kc1 Kd3 87. Bd2 Na2+ 88. Kd1 Rxd2+ 89. Ke1 Rc2 90. Rxf5 Nc3 91. Rf8
Ne4 92. Kd1 Nf2+ 93. Ke1 Ne4 94. Kd1 Nf2+ 95. Ke1 Ke3 96. Kf1 Ne4 97. Kg1 Kf3
98. Rd8 Rc1+ 99. Kh2 Nf2 0-1

[Event "French Top 12 2013"]
[Site "Haguenau FRA"]
[Date "2013.06.07"]
[Round "9.8"]
[White "Maisuradze, Nino"]
[Black "Nicoara, Malina"]
[Result "1-0"]
[WhiteTitle "WGM"]
[BlackTitle "WIM"]
[WhiteElo "2304"]
[BlackElo "2117"]
[WhiteTeam "Bischwiller"]
[BlackTeam "C.E. Strasbourg"]
[WhiteFideId "13601717"]
[BlackFideId "604631"]
[EventDate "2013.05.30"]

1. d4 Nf6 2. Nf3 g6 3. Bg5 Bg7 4. Nbd2 d5 5. e3 O-O 6. Bd3 Nbd7 7. O-O Re8 8. c4
c5 9. Qb3 cxd4 10. exd4 e5 11. cxd5 exd4 12. Rae1 Nc5 13. Bxf6 Rxe1 14. Bxd8
Rxf1+ 15. Kxf1 Nxb3 16. Nxb3 Bf5 17. Bxf5 Rxd8 18. Be4 d3 19. Na5 Bxb2 20. Nxb7
Rc8 21. Bxd3 Ba3 22. Ne5 Kf8 23. d6 Rc3 24. Ke2 f6 25. d7 Be7 26. Nc4 1-0